The policeman in the community
| 1. VerfasserIn: | |
|---|---|
| Medienart: | Druck Buch |
| Sprache: | Englisch |
| Veröffentlicht: |
London
Tavistock Publ.
1964
|
| In: | Jahr: 1964 |
| Bestand in Tübingen: | In Tübingen vorhanden. IFK: J III 17 UB: KB 2 A 596 |
| Verfügbarkeit prüfen: | HBZ Gateway |
| Subito Bestelldienst: | Jetzt bestellen. |
| Schlagwörter: |
MARC
| LEADER | 00000cam a2200000 c 4500 | ||
|---|---|---|---|
| 001 | 1075295467 | ||
| 003 | DE-627 | ||
| 005 | 20260206203326.0 | ||
| 007 | tu | ||
| 008 | 850101s1964 xx ||||| 00| ||eng c | ||
| 035 | |a (DE-627)1075295467 | ||
| 035 | |a (DE-603)197975259 | ||
| 035 | |a (DE-576)005295467 | ||
| 035 | |a (DE-599)BSZ005295467 | ||
| 035 | |a (OCoLC)00434805 | ||
| 035 | |a (DE-604)8028810317 | ||
| 040 | |a DE-627 |b ger |c DE-627 |e rakwb | ||
| 041 | |a eng | ||
| 082 | 0 | |a 363.2 | |
| 084 | |a MS 5300 |2 rvk |0 (DE-625)rvk/123723: | ||
| 084 | |a MS 6850 |2 rvk |0 (DE-625)rvk/123769: | ||
| 100 | 1 | |a Banton, Michael |d 1926-2018 |0 (DE-588)133854906 |0 (DE-627)557785014 |0 (DE-576)16016463X |4 aut | |
| 109 | |a Banton, Michael 1926-2018 |a Banton, Michael P. 1926-2018 |a Banton, Michael Parker 1926-2018 | ||
| 245 | 1 | 4 | |a The policeman in the community |c Michael Banton |
| 264 | 1 | |a London |b Tavistock Publ. |c 1964 | |
| 300 | |a XIV, 276 S. | ||
| 336 | |a Text |b txt |2 rdacontent | ||
| 337 | |a ohne Hilfsmittel zu benutzen |b n |2 rdamedia | ||
| 338 | |a Band |b nc |2 rdacarrier | ||
| 650 | 0 | 7 | |0 (DE-588)4020588-5 |0 (DE-627)106317520 |0 (DE-576)208933956 |a Gesellschaft |2 gnd |
| 650 | 0 | 7 | |0 (DE-588)4046595-0 |0 (DE-627)106197525 |0 (DE-576)209070196 |a Polizei |2 gnd |
| 689 | 0 | 0 | |d s |0 (DE-588)4020588-5 |0 (DE-627)106317520 |0 (DE-576)208933956 |a Gesellschaft |2 gnd |
| 689 | 0 | 1 | |d s |0 (DE-588)4046595-0 |0 (DE-627)106197525 |0 (DE-576)209070196 |a Polizei |2 gnd |
| 689 | 0 | |5 (DE-627) | |
| 935 | |h HEB |i 0501 | ||
| 935 | |h HEB |i 0503 | ||
| 936 | r | v | |a MS 5300 |b Einzelne Berufsgruppen |k Soziologie |k Spezielle Soziologien |k Wirtschafts-, Industrie- und Techniksoziologie |k Einzelne Berufsgruppen |0 (DE-627)1271441276 |0 (DE-625)rvk/123723: |0 (DE-576)201441276 |
| 936 | r | v | |a MS 6850 |b Gericht, Richter, Rechtsprechung, Polizei |k Soziologie |k Spezielle Soziologien |k Rechtssoziologie |k Gericht, Richter, Rechtsprechung, Polizei |0 (DE-627)1271441527 |0 (DE-625)rvk/123769: |0 (DE-576)201441527 |
| 936 | s | n | |a m200 |2 mzub |
| 951 | |a BO | ||
| ELC | |b 1 | ||
| LOK | |0 000 xxxxxcx a22 zn 4500 | ||
| LOK | |0 001 2040304568 | ||
| LOK | |0 003 DE-627 | ||
| LOK | |0 004 1075295467 | ||
| LOK | |0 005 20020606000000 | ||
| LOK | |0 008 910627||||||||||||||||ger||||||| | ||
| LOK | |0 040 |a DE-21 |c DE-627 |d DE-21 | ||
| LOK | |0 852 |a DE-21 | ||
| LOK | |0 852 1 |c KB 2 A 596 |9 00 | ||
| LOK | |0 866 |x 4. print | ||
| LOK | |0 935 |a krim | ||
| LOK | |0 936ln |a k4.8.1 | ||
| LOK | |0 939 |a 27-06-91 |b l01 | ||
| LOK | |0 000 xxxxxcx a22 zn 4500 | ||
| LOK | |0 001 2040304576 | ||
| LOK | |0 003 DE-627 | ||
| LOK | |0 004 1075295467 | ||
| LOK | |0 005 20020607000000 | ||
| LOK | |0 008 930408||||||||||||||||ger||||||| | ||
| LOK | |0 040 |a DE-21-110 |c DE-627 |d DE-21-110 | ||
| LOK | |0 852 |a DE-21-110 | ||
| LOK | |0 852 1 |c J III 17 |m p |9 00 | ||
| LOK | |0 935 |a k110 | ||
| LOK | |0 936ln |a 4.5.1.4 | ||
| LOK | |0 938 |k p | ||
| LOK | |0 939 |a 08-04-93 |b l01 | ||
| ORI | |a SA-MARC-krimdoka001.raw | ||
| SIG | |a IFK: J III 17 | ||
| SIG | |a UB: KB 2 A 596 | ||
